Quizzes
Events
Quiz Creation
Community
Videos
Private Events
Remove Ads
Sign In
Join for FREE
Feedback
Dark Mode
Quiz Categories
Sports
Geography
Music
Movies
Television
Just For Fun
Miscellaneous
History
Literature
Language
Science
Gaming
Entertainment
Religion
Holiday
For Kids
Quiz Lab
Recent
Popular Today
Quiz Kudos Today
Editor Picks
Curator Picks
Quizzes by...
Day
Popularity
Type
Ratings
Length
Year
Community
Subscriptions
Recent Discussions
Orange Saloon
Badges
Playlists
Quests
Create
Leaderboards
Showdown
Live 5
Trivia Bingo
Activity
Puzzle Library
Sporcle Events
Private Events
Virtual Trivia
Globe League
Become a Host
Pub Owners
SporcleCon
Opinionation
Our Games
Videos
Blog
Mobile Apps
Partnerships
Remove Ads and Go Orange
Feedback
Movies
Disney
Marvel Cinematic Universe
Movie Resume
Movie Titles
Oscar
Actor
Actress
Director
Pixar
Role
Movie Quotes
Movie Characters
Box Office
Nominee
Best Picture
Star Wars
James Bond
Horror Movies
Movies
Disney
Marvel Cinematic Universe
Movie Resume
Movie Titles
Oscar
Actor
Actress
Director
Pixar
Role
Movie Quotes
Movie Characters
Box Office
Nominee
Best Picture
Star Wars
James Bond
Horror Movies
Random Quiz
Search Sporcle
×
Quiz Lab
Quiz Lab
Movies
link
Type in answers that appear in a list
Type in answers that appear in a list
Classic
Best Score? Go Orange.
Movie Links II Stats
Can you name the Movie Links II?
By
imabanana
15m
54 Questions
671 Plays
671 Plays
671 Plays
Comments
Comments
Give Quiz Kudos
Give Quiz Kudos
-
- Ratings
hide this ad
More Info
Replay
Link that replays current quiz
Next Quiz
Link to next quiz in quiz playlist
You Got
0%
They Got
Avg Score
35%
Avg Friend Score
Upgrade to see
Score Distribution
Jump to the score distribution portion of the page
Score
0/54
Timer
15:00
0
Plays Today
% Correct
Angelina Jolie
98.2%
Johnny Depp
96.4%
Heath Ledger
94.3%
Anthony Hopkins
77.9%
Forest Whitaker
75%
Jude Law
71.2%
Nicole Kidman
71.2%
Renee Zellweger
68.9%
Katie Holmes
59.9%
Liam Neeson
59.6%
Ben Kingsley
57.8%
Philip Seymour Hoffman
51.7%
The Imaginarium of Doctor Parnassus
48.7%
The Imaginarium of Doctor Parnassus
48.7%
Robert Pattinson
46.2%
Cillian Murphy
41.4%
Jared Leto
40.7%
Cold Mountain
38.6%
Cold Mountain
38.6%
Kiefer Sutherland
34.4%
Crispin Glover
33.5%
Colin Farrell
32.9%
Colin Farrell
32.9%
Ralph Fiennes
30.7%
Ralph Fiennes
30.7%
Schindler's List
30.1%
Schindler's List
30.1%
% Correct
Harry Potter and the Goblet of Fire
29.5%
Harry Potter and the Goblet of Fire
29.5%
John Malkovich
23.7%
Phone Booth
23.2%
Phone Booth
23.2%
Bill Nighy
22.1%
Ray Winstone
20.7%
Alexander
20%
Alexander
20%
Congratulations!
19.1%
In Bruges
19.1%
Congratulations!
19.1%
Rachel Weisz
18.8%
Brendan Gleeson
17.9%
Brendan Gleeson
17.9%
Rupert Grint
16.1%
Beowulf
14.3%
Beowulf
14.3%
Michael Gambon
13.1%
28 Days Later
12.4%
28 Days Later
12.4%
The Constant Gardener
9.2%
The Constant Gardener
9.2%
Naomie Harris
8.8%
Christopher Eccleston
7.5%
Danny Huston
7.3%
Caroline Goodall
3.9%
Quiz Playlist
Details
Report
Send in Message
Add To Playlist
More Info:
Original by Rock Golf, all kudos to them. Just another version of this type of quiz :) Asterik Denotes Voice Only
Classic:
Type in answers that appear in a list
Last Updated: Feb 16, 2017
Quiz Scoreboard
CHALLENGE
Sign Up to Join the Scoreboard
Show All
Scores
Hide
Comments
May contain spoilers
Recently Published
9x9 Crossword: Cartoon Network
by jackfrog10
Miscellaneous
3m
College Basketball Coaching Resumes
by pancakes188
Sports
9m
Billboard Blitz: Fleetwood Mac
by CooCooCachoo
Music
15s
More to Explore
Quiz From the Vault
Featured Blog Post
Where Did the Easter Bunny Come From?
hide this ad
You Might Also Like...
Tags
link
Today's Top Quizzes in Movies
Browse Movies
hide this ad
Today's Top Quizzes in link
Browse link
Top Contributed Quizzes in Movies
1
Pick 5 Posters: Directed by Spielberg
2
7-to-1: Pixar Characters
3
Pick 5 Posters: Lowest-Rated Spielberg
4
Sorting Actors
5
Sorting Actresses
6
Pick 5 Posters: Directed by Scorsese
7
Pick 5 Posters: Star & Director
8
Pick 5 Posters: Women Directed 2020s
9
12 Movies about Fictional 1960s Events
10
Multi-Oscar Nominations, One Movie, One Winner
Explore More
Trending Topics
Disney
Harry Potter
NBA
Marvel
Anime
Kpop
Crossword
WWE
NFL
Country
The Office
Pokémon
Soccer
Song
Puzzle
hide this ad
More By:
imabanana
Quiz
Plays
Rating
Category
Featured
Created
FIFA World Rankings Since 1993
263,523
4.58
Sports
Sep 24, 2011
Most Visited Websites Per Country
244,378
4.43
Miscellaneous
Sep 8, 2010
International Soccer Cup Winners
223,732
4.65
Sports
May 1, 2010
English Football Champions Minefield
155,423
4.40
Sports
Jun 24, 2011
Pokémon by Letter (Each Generation)
93,451
4.30
Gaming
Jun 26, 2011
Go to Creator's Profile
Score Distribution
Quiz Creator Spotlight
imabanana
Follow
Send a Message
Quizzes Created
-
Created Quiz Play Count
-
More By This Creator
Popular Quizzes Today
1
Find the US States - No Outlines Minefield
2
Find the Countries of Europe - No Outlines Minefield
3
The Countries of the World
4
Find the US States
5
Risky Map Clicking: Biggest States A-Z
6
US States
7
Popular People in 1961
8
Movies - When Are They Set?
More Movies Quizzes
Highest Grossing Movies (2018)
Published
Trending Quizzes
Risky Map Clicking: Least Populous States A-Z
1-10 Letter G Words
1-10 Letter F Words
Risky Map Clicking: Next State Alphabetically
Adjectives in 80s TV Shows
Recently Updated
Leaping Animals
pecheneg
Reality TV Shows (A-Z)
bhenderson79
Rickey Henderson's Hall of Fame Teammates
pecheneg
Champions League XIs: Arsenal
pecheneg
Quick Pick: Celebrities in WWE's Hall of Fame
aduchscher
A-Z Keypad Blitz II
pecheneg
Multiple Oscar Actors
pecheneg
Mystery Phrase Blitz: Oscar 'Best Actors'
pecheneg
F. Scott Fitzgerald Novels
LTH
Pick 3 Villains
ddd62291
Trending Topics
Kpop
Marvel
NBA
Crossword
Disney
Anime
Harry Potter
Puzzle
Song
NFL
The Office
Soccer
Pokémon
Country
WWE
Your Account Isn't Verified!
In order to create a playlist on Sporcle, you need to verify the email address you used during registration. Go to your
Sporcle Settings
to finish the process.
Report this User
Report this user for behavior that violates our
Community Guidelines
.
Details:
Send Report
Go to the Sporcle.com Mobile Site →
Comments